Basic english dictionary. for pre intermediate learners. /
Guardado en:
| Autor Principal: | |
|---|---|
| Formato: | Libro |
| Publicado: |
London :
Pearson,
2002.
|
| Series: | Always Learning.
|
| Materias: | |
| Etiquetas: |
Agregar Etiqueta
Sin Etiquetas, Sea el primero en etiquetar este registro!
|
| LEADER | 01250nam a22002895a 4500 | ||
|---|---|---|---|
| 001 | CEM.cems018719 | ||
| 005 | 20190613112403.0 | ||
| 008 | 130507s2002##################000#0#####d | ||
| 003 | CEMS | ||
| 020 | |a 9780582438507 | ||
| 082 | 0 | 4 | |a 423.6 |
| 100 | 1 | |a Longman | |
| 245 | 1 | 0 | |a Basic english dictionary. for pre intermediate learners. / |c Della Summers |
| 260 | |a London : |b Pearson, |c 2002. | ||
| 300 | |a 431p. ; 20cm. | ||
| 490 | 0 | |a Always Learning. | |
| 653 | |a Diccionarios / diccionarios bilingues / ingles diccionarios | ||
| 859 | |a CEMS |b BIB. CEMS - Agricultura |h 423.6 |i P317 |p A3238.19 |t Ej.1 | ||
| 859 | |a CEMS |b BIB. CEMS - Agricultura |h 423.6 |i P317 |p A3239.19 |t Ej.2 | ||
| 859 | |a CEMS |b BIB. CEMS - Agricultura |h 423.6 |i P317 |p A3240.19 |t Ej.3 | ||
| 859 | |a CEMS |b BIB. CEMS - Agricultura |h 423.6 |i P317 |p A3241.19 |t Ej.4 | ||
| 859 | |a CEMS |b BIB. CEMS - Agricultura |h 423.6 |i P317 |p A3242.19 |t Ej.5 | ||
| 859 | |a CEMS |b BIB. CEMS - Agricultura |h 423.6 |i P317 |p A3243.19 |t Ej.6 | ||
| 859 | |a CEMS |b BIB. CEMS - Agricultura |h 423.6 |i P317 |p A3244.19 |t Ej.7 | ||
| 859 | |a CEMS |b BIB. CEMS - Agricultura |h 423.6 |i P317 |p A3245.19 |t Ej.8 | ||
| 859 | |a CEMS |b BIB. CEMS - Agricultura |h 423.6 |i P317 |p A3246.19 |t Ej.9 | ||
| 859 | |a CEMS |b BIB. CEMS - Agricultura |h 423.6 |i P317 |p A3247.19 |t Ej.10 | ||
